Villette / (Record no. 19651)
[ view plain ]
| 000 -LEADER | |
|---|---|
| fixed length control field | 00943nam a2200301 a 4500 |
| 001 - CONTROL NUMBER | |
| control field | 19651 |
| 003 - CONTROL NUMBER IDENTIFIER | |
| rucl marc code | DB-RjUL |
| 005 - DATE AND TIME OF LATEST TRANSACTION | |
| control field | 20231228105845.0 |
| 008 - FIXED-LENGTH DATA ELEMENTS--GENERAL INFORMATION | |
| fixed length control field | 140225r19661909enk 000 1 eng d |
| 020 ## - INTERNATIONAL STANDARD BOOK NUMBER | |
| International Standard Book Number | 0460003518 |
| International Standard Book Number | 0460013513 (pbk.) |
| 035 ## - SYSTEM CONTROL NUMBER | |
| System control number | 0460013513 |
| System control number | (BD-RjUL)19711 |
| 040 ## - CATALOGING SOURCE | |
| Original cataloging agency | KFW |
| Transcribing agency | KFW |
| Modifying agency | m.c |
| -- | BD-RjUL |
| Language of cataloging | eng |
| 041 ## - LANGUAGE CODE | |
| Language code of text/sound track or separate title | eng |
| 082 04 - DEWEY DECIMAL CLASSIFICATION NUMBER | |
| Classification number | 823.8 |
| Author mark and year | BRV 1966 |
| 100 1# - MAIN ENTRY--PERSONAL NAME | |
| Personal name | Brontë, Charlotte, |
| Dates associated with a name | 1816-1855. |
| 9 (RLIN) | 60380 |
| 245 10 - TITLE STATEMENT | |
| Title | Villette / |
| Statement of responsibility, etc. | Charlotte Brontë ; introduction by Margaret Lane |
| 260 ## - PUBLICATION, DISTRIBUTION, ETC. (IMPRINT) | |
| Place of publication, distribution, etc. | London ; |
| Name of publisher, distributor, etc. | Dent ; |
| Place of publication, distribution, etc. | New York : |
| Name of publisher, distributor, etc. | Dutton, |
| Date of publication, distribution, etc. | 1909 [reprinted 1966]. |
| 300 ## - PHYSICAL DESCRIPTION | |
| Pagination | xii, 462 p. ; |
| Size | 18 cm |
| 490 1# - SERIES STATEMENT | |
| Series statement | Everyman's library ; |
| Volume/sequential designation | 351 |
| 650 ## - SUBJECT ADDED ENTRY--TOPICAL TERM | |
| Topical term or geographic name as entry element | Belgium -- Social life and customs -- |
| Form subdivision | - Fiction. |
| Chronological subdivision | 19th century - |
| 9 (RLIN) | 60381 |
| 700 1# - ADDED ENTRY--PERSONAL NAME | |
| Personal name | Lane, Margaret, |
| Dates associated with a name | 1907-1994. |
| 830 #0 - SERIES ADDED ENTRY--UNIFORM TITLE | |
| Volume number/sequential designation | 351 |
| Uniform title | Everyman's library ; |
| 942 ## - ADDED ENTRY ELEMENTS (KOHA) | |
| Source of classification or shelving scheme | Dewey Decimal Classification |
| Koha item type | Books |
| Lost status | Source of classification or shelving scheme | Damaged status | Not for loan | Collection code | Permanent Location | Current Location | Shelving location | Date acquired | Source of acquisition | Cost, normal purchase price | Total Checkouts | Full call number | Date last seen | Copy number | Koha item type |
|---|---|---|---|---|---|---|---|---|---|---|---|---|---|---|---|
| Dewey Decimal Classification | Fiction | Central Library, University of Rajshahi | Central Library, University of Rajshahi | 26/10/1968 | Zeitlinger | 16.00 | 823.8 BRV 1966 | 25/02/2014 | C-3 | Books | |||||
| Dewey Decimal Classification | Not For Loan | Fiction | Central Library, University of Rajshahi | Central Library, University of Rajshahi | Reading Room | 25/10/1954 | Oxford university Press | 3.60 | 823.8 BRV 1952 | 25/02/2014 | C-1 | Books | |||
| Dewey Decimal Classification | Not For Loan | Fiction | Central Library, University of Rajshahi | Central Library, University of Rajshahi | 25/06/1968 | Swets and Zeitlinger | 8.60 | 823.8 BRV 1963 | 25/02/2014 | C-2 | Books |